000 00650nam a2200229 i 4500
001 bgj
100 1 _aCLARK, D. Cecil.
245 1 0 _aUsing instructional objectives in teaching /
_cD. Cecil Clark.
260 _aGlenview, Il :
_bScott, Foresman and Co,
_cc. 1972
_aLondon.
300 _a[4], 167 pp ;
_c23 cm.
490 1 _aEducation
504 _aBibliography p. 150-167.
650 9 _aMotivation in education
650 9 _aBehaviorism (|Psychology)
830 _aEducation
020 _a0673076202 (pbk)
040 _cBPK
041 0 _aeng
920 _a0-673-07620-2 (pbk)
942 _cKS
008 s uk f |000 0 eng
999 _c47287
_d47287
856 _uhttp://koha.tu.koszalin.pl/cgi-bin/koha/opac-detail.pl?biblionumber=47287
_yKatalog online BPK